[Event "Wch U08"]
[Site "Weifang"]
[Date "2019.08.31"]
[Round "10"]
[White "Vivaan, Vijay Saraogi"]
[Black "Dau, Khuong Duy"]
[Result "1/2-1/2"]
[WhiteElo "1480"]
[BlackElo "1468"]
[PlyCount "110"]
[EventDate "2019.08.21"]
[EventType "swiss"]
[EventRounds "11"]
[EventCountry "CHN"]
[SourceTitle "EXT 2020"]
[Source "ChessBase"]
[SourceDate "2019.10.17"]
[SourceVersion "1"]
[SourceVersionDate "2019.10.17"]
[SourceQuality "1"]

1. e4 c5 2. Nf3 d6 3. d4 cxd4 4. Qxd4 Nc6 5. Bb5 Bd7 6. Bxc6 Bxc6 7. Nc3 Nf6 8. Bg5 e6 9. 0-0-0 Be7 10. Qd3 0-0 11. Nd4 Rc8 12. h4 d5 13. e5 Ng4 14. Bxe7 Qxe7 15. Qe2 f5 16. exf6 Nxf6 17. Qxe6+ Qxe6 18. Nxe6 Rfe8 19. Nd4 Ng4 20. Rd2 Ne5 21. Rhd1 Nc4 22. Rd3 Ne5 23. Rg3 Rc7 24. f4 Nc4 25. Nf5 Kh8 26. b3 Nb6 27. a4 a5 28. Nd4 Rf7 29. Rf3 Bd7 30. Rdf1 Rf6 31. f5 h5 32. Nde2 Re5 33. Ng3 Kh7 34. Nxh5 Rfxf5 35. Rxf5 Bxf5 36. Nf4 Bd7 37. Rd1 Bc6 38. Rd4 Kg8 39. Ng6 Re6 40. Nf4 Re5 41. Kd2 Kf7 42. g4 Kf6 43. Nd3 Re8 44. Rf4+ Ke7 45. Ne5 Ke6 46. Nxc6 bxc6 47. Kd3 Nd7 48. Na2 Nc5+ 49. Kd4 Kd6 50. Kc3 Re7 51. Nc1 Re3+ 52. Kd2 Rh3 53. h5 Ne6 54. Rf5 Rg3 55. Rf7 Rxg4 1/2-1/2